Statistiken für Zufällig aufeinanderfolgende US-Staaten auf einer Karte

Klicken Sie hier um das Quiz zu spielen!

Allgemein

  • Dieses Quiz wurde 24.717 mal gespielt
    (16.517 seit der letzten Aktualisierung)
  • Das Durchschnittsergebnis liegt bei 29 aus 50

Antworten auf der Karte

Die Antworten werden auf der Karte rot bzw. grün angezeigt, abhängig davon wie oft sie richtig erraten wurden.
 

Antwortstatistiken

Staat% Korrekt
Alaska
64%
Florida
64%
Texas
64%
Hawaii
63%
Kalifornien
63%
Washington
62%
Nevada
61%
New York
61%
Arizona
60%
Oregon
60%
Maine
59%
Michigan
59%
Montana
59%
North Dakota
59%
Alabama
58%
Georgia
58%
Idaho
58%
Kentucky
58%
Louisiana
58%
New Mexico
58%
North Carolina
58%
Oklahoma
58%
South Carolina
58%
South Dakota
58%
Tennessee
58%
Utah
58%
Virginia
58%
Colorado
57%
Illinois
57%
Mississippi
57%
Ohio
57%
Pennsylvania
57%
Vermont
57%
Indiana
56%
Kansas
56%
Maryland
56%
Minnesota
56%
Rhode Island
56%
West Virginia
56%
Wyoming
56%
Arkansas
55%
Delaware
55%
Nebraska
55%
New Hampshire
55%
New Jersey
55%
Wisconsin
55%
Connecticut
54%
Massachusetts
54%
Iowa
53%
Missouri
53%

Verteilung der Resultate

Perzentil nach korrekt beantworteten Fragen

Anzahl Personen mit jedem Resultat

Ihre Resultats-Entwicklung

Sie haben dieses Quiz seit der letzten Aktualisierung nicht gespielt